Statistics for Top 10 U.S. States by Manufacturing Employment

Click here to take the quiz!

General Stats

  • This quiz has been taken 5,272 times
  • The average score is 7 of 10

Answer Stats

% State % Correct
18.8Michigan
90%
15.0Ohio
88%
19.4Indiana
78%
13.9Kentucky
70%
18.3Wisconsin
69%
13.2Tennessee
67%
15.1Iowa
62%
14.1Alabama
57%
14.3Arkansas
50%
13.4South Carolina
43%

Score Distribution

Percentile by Number Answered

Percent of People with Each Score

Your Score History

You have not taken this quiz